[Event "Championnat de France des Jeunes - Cade"]
[Site "TROYES"]
[Date "2010.04.18"]
[Round "9.5"]
[White "Klipper, Noemie"]
[Black "Dubois, Emmanuelle"]
[Result "1-0"]
[WhiteElo "1872"]
[BlackElo "1811"]
[PlyCount "75"]

1. d4 f5 2. Nf3 Nf6 3. c4 e6 4. Bg5 d5 5. e3 c6 6. Bd3 Bd6 7. Nc3 h6 8. Bh4 g5
9. Bg3 Ne4 10. Bxd6 Qxd6 11. Ne5 Nf6 12. Qc2 dxc4 13. Nxc4 Qc7 14. b4 Nbd7 15.
Rb1 b5 16. Na5 a6 17. Ne2 Bb7 18. Nxb7 Qxb7 19. O-O h5 20. Rfc1 Rc8 21. a4 h4
22. axb5 axb5 23. Nc3 Ke7 24. e4 f4 25. Qe2 Rcg8 26. d5 cxd5 27. exd5 e5 28.
Bxb5 g4 29. d6+ Kxd6 30. Bxd7 Nxd7 31. Nb5+ Ke6 32. Qc4+ Kf6 33. Nd6 Qa7 34.
Qf7+ Kg5 35. Qf5+ Kh6 36. Nf7+ Kg7 37. Nxh8 Kxh8 38. Qh5+ 1-0

[Event "Championnat de France des Jeunes - Cade"]
[Site "TROYES"]
[Date "2010.04.18"]
[Round "9.6"]
[White "Kohi, Camilla"]
[Black "Hourlier, Claire"]
[Result "0-1"]
[WhiteElo "1824"]
[BlackElo "1915"]
[PlyCount "80"]

1. d4 Nf6 2. e3 g6 3. Bd3 Bg7 4. f4 d6 5. Nf3 Nbd7 6. O-O O-O 7. Nbd2 c5 8. c3
Rb8 9. e4 b5 10. h3 Qb6 11. Kh1 Nh5 12. Qe1 Nxf4 13. Bc2 Ne6 14. Nb3 Ba6 15.
Qh4 Bf6 16. Qh6 Rfc8 17. d5 Nef8 18. Bg5 Bxg5 19. Nxg5 Ne5 20. Rf4 f6 21. Ne6
Nxe6 22. dxe6 g5 23. Rf5 Qd8 24. h4 Ng4 25. Qh5 Ne3 26. Rf2 Qe8 27. Qf3 Nxc2
28. Rxc2 Bb7 29. Rf2 Qg6 30. Nd2 Rf8 31. h5 Qg7 32. Nf1 f5 33. Ng3 fxe4 34. Qe3
Rxf2 35. Qxf2 Rf8 36. Qe2 Qe5 37. Qe3 Qf4 38. Qe1 e3 39. Kh2 Qh4+ 40. Kg1 Rf2
0-1

[Event "Championnat de France des Jeunes - Cade"]
[Site "TROYES"]
[Date "2010.04.18"]
[Round "9.7"]
[White "Macarry, Elodie"]
[Black "Muller, Marion"]
[Result "1/2-1/2"]
[WhiteElo "1898"]
[BlackElo "1943"]
[PlyCount "72"]

1. e4 c6 2. c4 d5 3. cxd5 cxd5 4. exd5 Nf6 5. Qa4+ Nbd7 6. Nc3 g6 7. Nf3 Bg7 8.
Bc4 O-O 9. d3 a6 10. Qa3 Ne8 11. Bg5 Ndf6 12. O-O Nc7 13. Rfe1 Re8 14. Re2 b5
15. Bb3 h6 16. Bh4 g5 17. Bg3 Ncxd5 18. Nxb5 Bf5 19. Nbd4 Bg6 20. Rd1 e6 21.
Nc6 Qb6 22. Nce5 Bh5 23. Rc1 Nf4 24. Bxf4 gxf4 25. Rec2 Ng4 26. Nd7 Qa7 27. Ba4
Red8 28. Qc5 Qxc5 29. Nxc5 Rd6 30. Rd2 Rb8 31. Nb3 Bg6 32. d4 Nf6 33. Rc6 Rbd8
34. Nc5 Ne4 35. Nxe4 Bxe4 36. Rxd6 Rxd6 1/2-1/2

[Event "Championnat de France des Jeunes - Cade"]
[Site "TROYES"]
[Date "2010.04.18"]
[Round "9.8"]
[White "Jeannerot, Lea"]
[Black "Daif, Sarah"]
[Result "0-1"]
[WhiteElo "2030"]
[BlackElo "1643"]
[PlyCount "58"]

1. Nf3 Nf6 2. b3 g6 3. Bb2 Bg7 4. e3 d6 5. d4 O-O 6. Be2 Nbd7 7. c4 Re8 8. O-O
e5 9. d5 Ne4 10. Nc3 Nxc3 11. Bxc3 f5 12. Nd2 Qe7 13. b4 Nf6 14. a4 g5 15. Qc2
g4 16. Rfe1 h5 17. Nb3 h4 18. Rad1 Bh6 19. Bd3 e4 20. Bf1 f4 21. exf4 Bxf4 22.
Bxf6 Qxf6 23. Rxe4 Bf5 24. Rxe8+ Rxe8 25. Bd3 Qe5 26. g3 Qe1+ 27. Rxe1 Rxe1+
28. Bf1 Bxc2 29. Nd4 Bd3 0-1

[Event "Championnat de France des Jeunes - Cade"]
[Site "TROYES"]
[Date "2010.04.18"]
[Round "9.9"]
[White "Durot, Edwige"]
[Black "Saucey, Capucine"]
[Result "1-0"]
[WhiteElo "1745"]
[BlackElo "1798"]
[PlyCount "36"]

1. e4 e5 2. Nf3 Nc6 3. Bb5 a6 4. Bxc6 dxc6 5. O-O Bd6 6. d4 exd4 7. Qxd4 Bf8 8.
Qxd8+ Kxd8 9. Rd1+ Ke8 10. Bf4 Bg4 11. Bxc7 Bxf3 12. gxf3 Nf6 13. Nd2 Rc8 14.
Bf4 Nh5 15. Be3 b5 16. Nb3 Be7 17. c3 c5 18. Rd2 Kf8 1-0

[Event "Championnat de France des Jeunes - Cade"]
[Site "TROYES"]
[Date "2010.04.18"]
[Round "9.10"]
[White "Bitbol-Delaveyne, Aziliz"]
[Black "Lepenant, Maissane"]
[Result "1/2-1/2"]
[WhiteElo "1530"]
[BlackElo "1580"]
[PlyCount "86"]

1. f4 d5 2. Nf3 Nc6 3. b3 Bf5 4. Bb2 e6 5. e3 a6 6. Be2 Nf6 7. a3 Be7 8. O-O h6
9. Ne5 Nxe5 10. fxe5 Nh7 11. d4 O-O 12. Nd2 Ng5 13. Bg4 Bg6 14. Qe2 Bxc2 15.
Rac1 Bg6 16. g3 Rc8 17. h4 Ne4 18. Nxe4 Bxe4 19. Bf3 Bxf3 20. Rxf3 c5 21. Rf4
Qb6 22. Qd1 f6 23. exf6 Bxf6 24. dxc5 Rxc5 25. Bxf6 Rxf6 26. Rxf6 gxf6 27. b4
Rxc1 28. Qxc1 Kf7 29. Kf2 e5 30. Qc2 Kg7 31. h5 e4 32. Qc5 Qxc5 33. bxc5 Kf7
34. Ke2 Ke7 35. Kd2 Kd7 36. Kc3 Kc6 37. Kd4 f5 38. a4 a5 39. Ke5 Kxc5 40. Kxf5
Kc4 41. g4 d4 42. g5 dxe3 43. g6 e2 1/2-1/2

[Event "Championnat de France des Jeunes - Mini"]
[Site "TROYES"]
[Date "2010.04.18"]
[Round "9.1"]
[White "Loiseau, Quentin"]
[Black "Muheim, Sebastien"]
[Result "1-0"]
[WhiteElo "2185"]
[BlackElo "2053"]
[PlyCount "0"]

1. d4 e6 2. c4 f5 3. g3 Nf6 4. Bg2 c6 5. Nf3 d5 6. O-O Bd6 7. b3 Qe7 8. a4 a5
9. Ba3 Na6 10. Bxd6 Qxd6 11. Na3 O-O 12. Nc2 Nb4 13. c5 Qc7 14. Nxb4 axb4 15.
Qd2 Qa5 16. Ne5 Rb8 17. Rfc1 Bd7 18. Nd3 b6 19. Qxb4 Qxb4 20. Nxb4 bxc5 21. Na6
Rxb3 22. Nxc5 Rb4 23. e3 Ra8 24. Nxd7 Nxd7 25. Rxc6 Rbxa4 26. Rxa4 Rxa4 27.
Rxe6 Ra1+ 28. Bf1 Nf6 29. Rb6 Kf7 30. Ra6 Rd1 31. Ra2 Ne4 32. Kg2 g5 33. Be2
Rc1 34. Bd3 Rc7 35. Ra5 Ke6 36. Ra6+ Kf7 37. Bxe4 dxe4 38. Ra5 Kf6 39. g4 fxg4
40. Re5 Re7 41. Rxe7 Kxe7 42. Kf1 Kd6 43. Ke2 Kd5 44. Kd2 Kc4 45. Kc2 Kb4 46.
Kb2 h6 47. Kc1 Kc4 48. Kc2 h5 49. Kb2 Kb4 50. Kc1 Kb5 51. Kb1 Kc4 52. Kc2 h4
53. Kb2 g3 54. fxg3 Kd3 55. d5 Kxe3 56. d6 Kf2 57. d7 e3 58. d8=Q e2 59. Qf6+
Kg2 60. Qe5 Kf1 61. Qf5+ Kg2 62. Qe4+ Kxh2 63. gxh4 1-0

[Event "Championnat de France des Jeunes - Mini"]
[Site "TROYES"]
[Date "2010.04.18"]
[Round "9.2"]
[White "Ider, Borya"]
[Black "Eden, James"]
[Result "1-0"]
[WhiteElo "2283"]
[BlackElo "2047"]
[PlyCount "113"]

1. d4 d5 2. Nf3 Nf6 3. g3 c6 4. Bg2 Bf5 5. O-O e6 6. c4 Nbd7 7. Nbd2 h6 8. b3
Be7 9. Bb2 O-O 10. Ne5 Ne4 11. Nxd7 Qxd7 12. Nxe4 Bxe4 13. Bxe4 dxe4 14. Qc2 f5
15. Rad1 Rad8 16. Kg2 Bf6 17. e3 g5 18. f3 exf3+ 19. Rxf3 Qg7 20. Rf2 Rf7 21.
g4 f4 22. Qe4 e5 23. d5 Qh7 24. Qxh7+ Kxh7 25. e4 c5 26. Rfd2 Rfd7 27. Bc3 Rc8
28. Rb1 Rdc7 29. d6 Rd7 30. Rd5 Rc6 31. Rbd1 Kg6 32. Kf3 b6 33. Bxe5 Bxe5 34.
Rxe5 Rcxd6 35. Rdd5 Rxd5 36. cxd5 Rd6 37. Rf5 Kg7 38. h4 Kg6 39. a3 Rd7 40. Re5
Rd6 41. Re7 Rd8 42. h5+ Kf6 43. Rxa7 Ke5 44. Rb7 Rd6 45. Rg7 Kd4 46. Rg6 Ke5
47. a4 b5 48. axb5 Rd8 49. Rxh6 Rb8 50. b6 Kd4 51. Rc6 Ke5 52. h6 Rb7 53. Rg6
Kd4 54. Rxg5 Rxb6 55. h7 Rxb3+ 56. Kxf4 Rb8 57. Rg8 1-0

[Event "Championnat de France des Jeunes - Mini"]
[Site "TROYES"]
[Date "2010.04.18"]
[Round "9.3"]
[White "Barbot, Pierre"]
[Black "Rachid, Danial"]
[Result "1-0"]
[WhiteElo "2111"]
[BlackElo "2040"]
[PlyCount "71"]

1. e4 e6 2. d4 d5 3. Nc3 Bb4 4. e5 c5 5. a3 Bxc3+ 6. bxc3 Qc7 7. Qg4 f6 8. Bb5+
Kf8 9. Nf3 c4 10. a4 a6 11. Ba3+ Kf7 12. Bd6 Qd8 13. exf6 Nxf6 14. Qf4 axb5 15.
Bxb8 bxa4 16. Bc7 Qe8 17. O-O Kg8 18. Bd6 Qg6 19. Qc1 Ne4 20. Bb4 h5 21. Ne5
Qf6 22. Qe3 Ng5 23. Ba3 Nf7 24. f4 h4 25. Rae1 Rh5 26. Ng4 Qg6 27. Qf3 Bd7 28.
Ne3 Nh6 29. g4 hxg3 30. hxg3 Nf5 31. Nxf5 Rxf5 32. Kg2 Rh5 33. Qe2 Kf7 34. f5
Qh7 35. fxe6+ Kg8 36. Rh1 1-0

[Event "Championnat de France des Jeunes - Mini"]
[Site "TROYES"]
[Date "2010.04.18"]
[Round "9.4"]
[White "Domenech, Vianney"]
[Black "Feryn, Benjamin"]
[Result "0-1"]
[WhiteElo "2050"]
[BlackElo "1985"]
[PlyCount "108"]

1. d4 Nf6 2. Bf4 c5 3. e3 Qb6 4. Nc3 d6 5. Qd2 g6 6. a4 cxd4 7. exd4 Bg7 8. a5
Qd8 9. Be2 Nc6 10. d5 Nb8 11. Bh6 O-O 12. h4 Re8 13. Bxg7 Kxg7 14. h5 e6 15.
hxg6 fxg6 16. Qh6+ Kg8 17. Ne4 Nbd7 18. Nxd6 Re7 19. dxe6 Rxe6 20. O-O-O Qxa5
21. Kb1 Ne5 22. f4 Rxd6 23. Rxd6 Nf7 24. Bc4 Qe1+ 25. Ka2 Qa5+ 26. Kb3 Be6 27.
Rxe6 b5 28. Qh3 Qa4+ 29. Kc3 Qxc4+ 30. Kd2 Qxf4+ 31. Qe3 Rd8+ 32. Kc1 Qf1+ 33.
Qe1 Qxg2 34. Nh3 Rc8 35. Re2 Qc6 36. Nf4 Qc4 37. Nd3 Qxd3 38. Kb1 Qd7 39. Rf1
Kg7 40. Re7 Qc6 41. Qe2 Qc4 42. Qf2 Rc6 43. Rxa7 Qc5 44. Qg2 Qxa7 45. Qxc6 Qd4
46. Qxb5 h5 47. Qe2 h4 48. Rd1 Qg4 49. Qd2 h3 50. Rh1 Ng5 51. Qe3 Qe4 52. Qg1
Kh6 53. Rh2 Ng4 54. Rd2 Nf3 0-1

[Event "Championnat de France des Jeunes - Mini"]
[Site "TROYES"]
[Date "2010.04.18"]
[Round "9.5"]
[White "Ollier, Milan"]
[Black "Aubry, Yannis"]
[Result "1/2-1/2"]
[WhiteElo "2117"]
[BlackElo "1965"]
[PlyCount "80"]

1. e4 d6 2. d4 Nf6 3. Nc3 e5 4. f4 exd4 5. Qxd4 Be7 6. Nf3 O-O 7. Be3 Ng4 8.
Bg1 Bf6 9. Qd2 Re8 10. Bd3 Bf5 11. O-O-O Bxc3 12. Qxc3 Bxe4 13. Ng5 Nf6 14. Bd4
Bxd3 15. Qxd3 Nbd7 16. Qb3 d5 17. Qxb7 h6 18. Nf3 c5 19. Bxf6 Nxf6 20. Ne5 Re7
21. Qa6 Qb6 22. Qd3 Rb8 23. b3 Rd8 24. Rhe1 Rb7 25. g4 d4 26. g5 hxg5 27. fxg5
Nd5 28. Re4 Nb4 29. Qh3 Nxa2+ 30. Kb2 Nc3 31. Rh4 Nxd1+ 32. Kc1 Kf8 33. Qf3 g6
34. Rh6 Kg7 35. Ng4 Ne3 36. Nf6 Nf5 37. Rh7+ Kf8 38. Qe4 Re7 39. Rh8+ Kg7 40.
Rh7+ Kf8 1/2-1/2

[Event "Championnat de France des Jeunes - Mini"]
[Site "TROYES"]
[Date "2010.04.18"]
[Round "9.6"]
[White "Hallope, Arnaud"]
[Black "Ane, Cedric"]
[Result "0-1"]
[WhiteElo "1895"]
[BlackElo "2106"]
[PlyCount "72"]

1. e4 c5 2. c3 d5 3. exd5 Qxd5 4. d4 g6 5. Nf3 Bg7 6. Na3 Qe4+ 7. Be3 cxd4 8.
Bc4 Nh6 9. cxd4 O-O 10. O-O Bg4 11. Nb5 Nc6 12. Bd3 Qd5 13. Nc7 Bxf3 14. gxf3
Qh5 15. Nxa8 Rxa8 16. Be4 Rd8 17. Bxc6 bxc6 18. Qe2 Nf5 19. Kh1 Bxd4 20. Rad1
Rd5 21. Rg1 Re5 22. Rd3 c5 23. b3 Re6 24. Rg4 Be5 25. Kg1 Qxh2+ 26. Kf1 Nd4 27.
Bxd4 Bxd4 28. Qd2 Qh1+ 29. Rg1 Qh3+ 30. Rg2 h5 31. b4 Qf5 32. bxc5 Bxc5 33.
Rd8+ Kh7 34. Rg5 Qh3+ 35. Kg1 Bd6 36. f4 Bxf4 0-1

[Event "Championnat de France des Jeunes - Mini"]
[Site "TROYES"]
[Date "2010.04.18"]
[Round "9.8"]
[White "Gueriche, Guillaume"]
[Black "Saatdjian, Stephane"]
[Result "1-0"]
[WhiteElo "2035"]
[BlackElo "1991"]
[Annotator "Rivier,Sylvain"]
[PlyCount "20"]

1. Nf3 c5 2. c4 b6 3. b3 Bb7 4. Bb2 d6 5. e3 Nd7 6. d4 cxd4 7. exd4 Ngf6 8. Be2
g6 9. O-O Bg7 10. Re1 O-O {suite illisible} 1-0

[Event "Championnat de France des Jeunes - Mini"]
[Site "TROYES"]
[Date "2010.04.18"]
[Round "9.9"]
[White "Neri, Jean-Baptiste"]
[Black "De Lussac, Maxence"]
[Result "1-0"]
[WhiteElo "2011"]
[BlackElo "1813"]
[PlyCount "93"]

1. e4 c5 2. Nf3 e6 3. d4 cxd4 4. Nxd4 a6 5. Bd3 Nf6 6. Nc3 Qc7 7. Be3 b5 8. a3
Bb7 9. O-O Be7 10. f4 d6 11. g4 Nc6 12. Nb3 g6 13. Qe2 Nd7 14. Rae1 Bf6 15. g5
Bg7 16. f5 gxf5 17. exf5 O-O-O 18. fxe6 fxe6 19. a4 Bxc3 20. bxc3 Nce5 21. axb5
Nxd3 22. Qxd3 Ne5 23. Qe2 Ba8 24. h4 Qb7 25. Kh2 Nf3+ 26. Rxf3 Qxf3 27. Qxf3
Bxf3 28. bxa6 e5 29. Na5 Kd7 30. Kg3 Rhf8 31. Rf1 Ba8 32. Rxf8 Rxf8 33. Nc4 Kc6
34. a7 d5 35. Nxe5+ Kb5 36. Bd4 Ka6 37. h5 Re8 38. g6 hxg6 39. Nxg6 Rc8 40. Kg4
Bc6 41. Kg5 Kb7 42. h6 Rc7 43. Kf6 Rh7 44. Kg5 Be8 45. Nf4 Rd7 46. Ne6 Rf7 47.
Nd8+ 1-0

[Event "Championnat de France des Jeunes - Mini"]
[Site "TROYES"]
[Date "2010.04.18"]
[Round "9.10"]
[White "Chauvet, Vincent"]
[Black "Leriche, Luc"]
[Result "1-0"]
[WhiteElo "1961"]
[BlackElo "1993"]
[PlyCount "135"]

1. e4 c5 2. Nf3 d6 3. d4 cxd4 4. Nxd4 Nf6 5. Nc3 a6 6. Bc4 e6 7. Bb3 Nbd7 8.
Bg5 Nc5 9. Qe2 Be7 10. f4 h6 11. Bxf6 Bxf6 12. O-O-O Qc7 13. f5 O-O 14. h4 b5
15. g4 Qb6 16. Nf3 Bxc3 17. bxc3 Qc6 18. Rd4 Bb7 19. Re1 a5 20. g5 h5 21. g6
Nxb3+ 22. cxb3 fxg6 23. Kb2 exf5 24. Ng5 fxe4 25. Rxe4 Qb6 26. Rd4 d5 27. Qe7
Qf6 28. Re6 Qxe7 29. Rxe7 Rab8 30. Rc7 Rfc8 31. Re7 Re8 32. Rc7 Rec8 33. Re7
Rf8 34. Rc7 Rf6 35. Rd2 Bc6 36. Re2 Re8 37. Ree7 Rxe7 38. Rxe7 Kf8 39. Rc7 Rd6
40. Rf7+ Kg8 41. Rc7 Kf8 42. Rf7+ Kg8 43. Rc7 Be8 44. Kc2 d4 45. cxd4 Rc6+ 46.
Rxc6 Bxc6 47. Kd3 Kf8 48. Ne6+ Ke7 49. Nf4 Kf6 50. d5 Bd7 51. Kd4 Kf5 52. Nd3
g5 53. hxg5 Kxg5 54. Ne5 Be8 55. Ke4 h4 56. d6 h3 57. Kf3 Kf5 58. d7 Bxd7 59.
Nxd7 Ke6 60. Nf8+ Kd5 61. Kg3 Kd4 62. Ne6+ Kc3 63. Kxh3 Kb2 64. a4 b4 65. Nc5
Kc3 66. Kg4 Kd4 67. Nb7 Ke5 68. Nxa5 1-0

[Event "Championnat de France des Jeunes - Mini"]
[Site "TROYES"]
[Date "2010.04.18"]
[Round "9.1"]
[White "Eid, Maha"]
[Black "Ruhlmann, Helene"]
[Result "1-0"]
[WhiteElo "2003"]
[BlackElo "1816"]
[PlyCount "0"]

1. d4 d5 2. c4 e6 3. Nc3 Nf6 4. cxd5 exd5 5. Bg5 Be7 6. e3 c6 7. Bd3 O-O 8. Qc2
Nbd7 9. Nge2 Re8 10. O-O Nf8 11. f3 Ng6 12. Rad1 Be6 13. Kh1 Bd6 14. e4 dxe4
15. fxe4 Be7 16. d5 cxd5 17. exd5 Nxd5 18. Bb5 Rf8 19. Nxd5 Bxd5 20. Qf5 Bxg5
21. Rxd5 Qf6 22. Qb1 Qe6 23. Rxg5 Rad8 24. Nc3 Rd2 25. b3 a6 26. Bc4 Qe7 27.
Rgf5 Rd7 28. Rxf7 Rxf7 29. Rxf7 Qd8 1-0

[Event "Championnat de France des Jeunes - Mini"]
[Site "TROYES"]
[Date "2010.04.18"]
[Round "9.2"]
[White "Richier, Lucie"]
[Black "Neuhauser, Salome"]
[Result "0-1"]
[WhiteElo "1660"]
[BlackElo "2014"]
[PlyCount "106"]

1. d4 Nf6 2. Nf3 e6 3. c4 Bb4+ 4. Nc3 b6 5. a3 Bxc3+ 6. bxc3 Ba6 7. e3 Nc6 8.
Be2 Na5 9. Nd2 Qc8 10. Qa4 c5 11. Bb2 O-O 12. Rc1 Rb8 13. O-O d5 14. Rfe1 dxc4
15. Bf3 Qc7 16. Qc2 b5 17. e4 Bb7 18. a4 a6 19. Ba3 Nd7 20. Rb1 Ba8 21. Rb2
Rfc8 22. Reb1 cxd4 23. axb5 axb5 24. Rxb5 Rxb5 25. Rxb5 Bc6 26. Rb4 d3 27. Qa2
Bb7 28. Bc1 Qe5 29. Qb2 Ba6 30. Qa1 Bb7 31. Qb2 Qc7 32. Rb5 Nc5 33. Qb4 Nab3
34. Nxb3 cxb3 35. Be3 Ra8 36. g3 Na6 37. Qxb3 Bc6 38. Bf4 Qd7 39. Rb6 h6 40.
Qc4 d2 41. Bxd2 Qxd2 42. Rxc6 Nb8 43. Rc8+ Kh7 44. Qc7 Ra1+ 45. Kg2 Nd7 46. Qc4
Qe1 47. Qe2 Qg1+ 48. Kh3 Rf1 49. e5 Rxf2 50. Qe4+ g6 51. Bg2 Rf5 52. Rc7 Rh5+
53. Kg4 Nxe5+ 0-1

[Event "Championnat de France des Jeunes - Mini"]
[Site "TROYES"]
[Date "2010.04.18"]
[Round "9.3"]
[White "Monpeurt, Cyrielle"]
[Black "Lenoel, Marine"]
[Result "0-1"]
[WhiteElo "1855"]
[BlackElo "1718"]
[PlyCount "50"]

1. e4 e5 2. Nf3 Nc6 3. Bb5 Bc5 4. O-O d6 5. c3 Bd7 6. d4 exd4 7. cxd4 Bb6 8.
Re1 Nge7 9. Nc3 O-O 10. h3 Ng6 11. Be3 Nh4 12. Ng5 h6 13. Qh5 Nxd4 14. Bxd4
Bxd4 15. Bxd7 hxg5 16. Ba4 Qf6 17. Nd1 a6 18. Rb1 b5 19. Bc2 Ng6 20. Ne3 Nf4
21. Qf3 Bxb2 22. Ng4 Qc3 23. Qxc3 Bxc3 24. Re3 Bd4 25. Rd3 Nxd3 0-1

[Event "Championnat de France des Jeunes - Mini"]
[Site "TROYES"]
[Date "2010.04.18"]
[Round "9.4"]
[White "Afraoui, Solenn"]
[Black "Alonso, Audrey"]
[Result "0-1"]
[WhiteElo "1851"]
[BlackElo "1782"]
[PlyCount "52"]

1. Nf3 d5 2. g3 Nc6 3. d4 Bf5 4. Bg2 Nb4 5. Na3 e6 6. c3 Nc6 7. Nc2 Be4 8. O-O
Be7 9. Re1 Nf6 10. Nd2 Bxg2 11. Kxg2 O-O 12. e4 e5 13. exd5 Qxd5+ 14. Qf3 exd4
15. Qxd5 Nxd5 16. c4 Ndb4 17. Nxd4 Bf6 18. Nxc6 Nc2 19. Re2 Nxa1 20. Nb4 Rae8
21. Re4 c6 22. h3 Rd8 23. Re3 a5 24. Nd3 Nc2 25. Rf3 Rxd3 26. Rxd3 Ne1+ 0-1

[Event "Championnat de France des Jeunes - Mini"]
[Site "TROYES"]
[Date "2010.04.18"]
[Round "9.5"]
[White "Gan, Grace"]
[Black "Aggoune, Audessa"]
[Result "1/2-1/2"]
[WhiteElo "1652"]
[BlackElo "1666"]
[PlyCount "102"]

1. e4 d5 2. exd5 Qxd5 3. Nc3 Qa5 4. Bc4 Nf6 5. d3 g6 6. Bd2 Qb6 7. Qe2 Bg7 8.
h4 O-O 9. O-O-O c6 10. Nh3 Qd8 11. Rde1 b5 12. Bb3 e6 13. g4 Qd4 14. f3 Nd5 15.
Nd1 a5 16. Bxd5 exd5 17. Bc3 Qc5 18. Bxg7 Kxg7 19. h5 Qd6 20. hxg6 fxg6 21. Rh2
Nd7 22. Qe7+ Qxe7 23. Rxe7+ Kf6 24. Rxh7 Ne5 25. g5+ Ke6 26. f4 Ng4 27. Re2+
Kd6 28. Rg7 Bf5 29. Ndf2 Nxf2 30. Nxf2 Rh8 31. Nd1 Rh1 32. Kd2 Rf1 33. Rf2
Rxf2+ 34. Nxf2 Rh8 35. Nd1 Rh1 36. Kc3 Rh4 37. Ne3 Ke6 38. Nxf5 Kxf5 39. Rf7+
Kg4 40. Rf6 Kh5 41. f5 gxf5 42. Rxf5 d4+ 43. Kd2 Rh2+ 44. Kd1 Rh1+ 45. Ke2 Rh2+
46. Rf2 Rxf2+ 47. Kxf2 Kxg5 48. Kg3 b4 49. b3 c5 50. Kf3 Kf5 51. Kg3 Kg5
1/2-1/2

[Event "Championnat de France des Jeunes - Mini"]
[Site "TROYES"]
[Date "2010.04.18"]
[Round "9.6"]
[White "Aflalo, Sophie"]
[Black "Seelen, Amandine"]
[Result "1-0"]
[WhiteElo "2041"]
[BlackElo "1664"]
[PlyCount "123"]

1. e4 e6 2. Qe2 c5 3. g3 Nc6 4. c3 g6 5. Bg2 Bg7 6. Nf3 Nge7 7. d3 d5 8. O-O
O-O 9. h4 b6 10. h5 h6 11. Nh2 f5 12. f4 d4 13. c4 Bb7 14. Nd2 Qe8 15. Nhf3 e5
16. exf5 Nxf5 17. Ne4 gxh5 18. Bh3 Nce7 19. Kh2 Qg6 20. Rg1 Ne3 21. Bxe3 Bxe4
22. Nh4 Qh7 23. dxe4 Qxe4 24. Bg2 Qxe3 25. Qxe3 dxe3 26. Bxa8 Rxa8 27. Rae1
exf4 28. gxf4 Rf8 29. Rxe3 Rxf4 30. Rxe7 Rxh4+ 31. Kg3 Rg4+ 32. Kh2 Rh4+ 33.
Kg2 Bxb2 34. Kf3+ Kf8 35. Re4 Rh3+ 36. Rg3 Rh2 37. Rg2 Rh3+ 38. Rg3 Rh2 39. Re2
Rxe2 40. Kxe2 Kf7 41. Kf3 h4 42. Rg4 Bf6 43. Ke4 Bg5 44. Kf5 Ke7 45. Rg1 Kf7
46. Rd1 Ke7 47. a4 Bf6 48. Re1+ Kf7 49. Rg1 Bg5 50. Rf1 Ke7 51. Ke5 Bd2 52. Kd5
Kd7 53. Rf7+ Ke8 54. Rf2 Bg5 55. Kc6 Ke7 56. Kb7 Kd6 57. Kxa7 Kc7 58. Rf1 Be3
59. Rf7+ Kd8 60. Rf3 Bg5 61. Kxb6 Be7 62. Kb7 1-0

[Event "Championnat de France des Jeunes - Mini"]
[Site "TROYES"]
[Date "2010.04.18"]
[Round "9.7"]
[White "Dubois, Marie"]
[Black "Le Marec, Laura"]
[Result "0-1"]
[WhiteElo "1616"]
[BlackElo "1585"]
[PlyCount "52"]

1. d4 e6 2. c4 Bb4+ 3. Nc3 f5 4. Nf3 Nf6 5. Bg5 O-O 6. e3 b6 7. Be2 Bb7 8. O-O
Bxc3 9. bxc3 d6 10. Qb3 Nbd7 11. c5 Bd5 12. c4 Bb7 13. cxd6 cxd6 14. Bf4 Ne4
15. Rac1 Qe8 16. Rfd1 Qg6 17. c5 dxc5 18. Qb5 Rfd8 19. Bc7 a6 20. Qb3 Rdc8 21.
Bxb6 Bd5 22. Qb2 Rab8 23. Ne5 Nxe5 24. dxc5 Nxf2 25. Kxf2 Qxg2+ 26. Ke1 Nf3+
0-1

[Event "Championnat de France des Jeunes - Mini"]
[Site "TROYES"]
[Date "2010.04.18"]
[Round "9.8"]
[White "Daadaa, Soha"]
[Black "Pivard, Elsa"]
[Result "0-1"]
[WhiteElo "1576"]
[BlackElo "1860"]
[PlyCount "60"]

1. d4 c6 2. Nf3 d5 3. c4 Nf6 4. e3 g6 5. Nc3 Bg7 6. cxd5 cxd5 7. Be2 O-O 8. O-O
Nc6 9. a3 e6 10. Qc2 b6 11. b4 Bb7 12. Bb2 Rc8 13. Rac1 Re8 14. Qb1 Ne7 15. Ne5
Nf5 16. Nb5 Ne4 17. Rxc8 Qxc8 18. Rc1 Qb8 19. Nc7 Re7 20. Qc2 Nfd6 21. Nc6 Qxc7
22. Nxe7+ Qxe7 23. a4 Bh6 24. Qc7 Qf6 25. f4 Bxf4 26. exf4 Qxf4 27. Bf3 Qe3+
28. Kh1 Nf2+ 29. Kg1 Nh3+ 30. Kh1 Qg1+ 0-1

[Event "Championnat de France des Jeunes - Mini"]
[Site "TROYES"]
[Date "2010.04.18"]
[Round "9.9"]
[White "Colin, Phanie"]
[Black "Bertin, Cecile"]
[Result "1-0"]
[WhiteElo "1830"]
[BlackElo "1616"]
[PlyCount "107"]

1. e4 c5 2. Nc3 Nc6 3. Nge2 g6 4. g3 Bg7 5. Bg2 e6 6. O-O Nge7 7. d3 d6 8. f4
O-O 9. g4 f5 10. h3 Rb8 11. a4 a6 12. Ng3 Nd4 13. Nce2 b5 14. axb5 axb5 15. c3
Nxe2+ 16. Qxe2 Qc7 17. Be3 Bb7 18. Ra2 Ra8 19. Rfa1 Rxa2 20. Rxa2 e5 21. gxf5
gxf5 22. Nh5 exf4 23. Nxf4 fxe4 24. Ne6 Qb8 25. Nxf8 exd3 26. Qxd3 Bxg2 27.
Kxg2 Bxf8 28. Qe4 Kg7 29. Ra8 Qc7 30. Qf3 Ng6 31. Kg1 Be7 32. Qh5 Kf6 33. Bg5+
Ke6 34. Qxh7 Ne5 35. Qxe7+ Qxe7 36. Bxe7 Kxe7 37. Rb8 Nf3+ 38. Kg2 Ne1+ 39. Kg3
b4 40. cxb4 cxb4 41. Rxb4 Nd3 42. Rb7+ Ke6 43. b4 Ke5 44. Rb8 d5 45. b5 Nc5 46.
b6 Nd7 47. Re8+ Kd6 48. b7 Kc7 49. b8=Q+ Nxb8 50. Rxb8 Kxb8 51. h4 d4 52. h5 d3
53. Kf2 Kc7 54. h6 1-0

[Event "Championnat de France des Jeunes - Mini"]
[Site "TROYES"]
[Date "2010.04.18"]
[Round "9.10"]
[White "Haller, Noemie"]
[Black "Griggio, Julie"]
[Result "0-1"]
[WhiteElo "1650"]
[BlackElo "1816"]
[PlyCount "58"]

1. e4 e6 2. d4 d5 3. e5 c5 4. c3 Nc6 5. Nf3 Qb6 6. Be2 cxd4 7. cxd4 Nge7 8. Nc3
Nf5 9. Na4 Qc7 10. O-O a6 11. b3 b5 12. Nc3 Bb4 13. Bb2 O-O 14. Rc1 Bd7 15. g4
Nfe7 16. a3 Ba5 17. b4 Bb6 18. a4 Qa7 19. axb5 Nxd4 20. Nxd4 Bxd4 21. bxa6 Ng6
22. Re1 Bxf2+ 23. Kf1 Bxe1 24. Qxe1 Nf4 25. b5 Qe3 26. Ba3 Rfc8 27. Bb2 d4 28.
Qg3 Qxg3 29. hxg3 dxc3 0-1

[Event "Championnat de France des Jeunes - Benj"]
[Site "TROYES"]
[Date "2010.04.18"]
[Round "9.1"]
[White "Giroyan, Gary"]
[Black "Eid, Amine"]
[Result "1-0"]
[WhiteElo "2181"]
[BlackElo "1851"]
[PlyCount "0"]

1. d4 g6 2. e4 Bg7 3. Nc3 d6 4. Bg5 a6 5. f4 b5 6. Nf3 Bb7 7. Bd3 Nd7 8. Ne2 c5
9. c3 Qb6 10. O-O Ngf6 11. Ng3 h6 12. Bh4 O-O 13. Kh1 Rfe8 14. Qd2 cxd4 15.
cxd4 e5 16. dxe5 dxe5 17. fxe5 Ng4 18. Bc4 Ndxe5 19. Nxe5 Nxe5 20. Bb3 g5 21.
Bxg5 hxg5 22. Qxg5 Qh6 23. Rf5 Bc8 24. Qxh6 Bxh6 25. Rh5 Kg7 26. Rf1 Bg4 27.
Nf5+ Bxf5 28. Rhxf5 Ra7 29. g4 Be3 30. h3 Rae7 31. Bd5 Rc8 32. b3 Rc1 33. Rxc1
Bxc1 34. g5 Ng6 35. Kh2 Rc7 36. Kg3 Bd2 37. a4 b4 38. Bc4 Bf4+ 39. Kf2 Bd6 40.
Rd5 Bc5+ 41. Kg3 a5 42. Kg4 Ne7 43. Re5 Bb6 44. Rb5 Rc6 45. h4 Nc8 46. e5 Rc5
47. Rxc5 Bxc5 48. h5 Nb6 49. Bb5 Nd5 50. h6+ Kg8 51. Be8 Nc7 52. Bd7 Be7 53.
Kf5 Kh7 54. Kg4 Ne6 55. Bxe6 fxe6 56. Kh5 Bd8 57. g6+ Kg8 58. Kg4 Kh8 59. Kf4
Be7 60. Kg4 Bc5 61. Kg5 Be3+ 62. Kf6 Bxh6 63. Kf7 Bg7 64. Kxe6 Kg8 65. Kd6 Kf8
66. Kc6 Bxe5 67. Kb6 1-0

[Event "Championnat de France des Jeunes - Benj"]
[Site "TROYES"]
[Date "2010.04.18"]
[Round "9.2"]
[White "Grandadam, Patrick"]
[Black "Kirk, Ezra"]
[Result "1-0"]
[WhiteElo "2104"]
[BlackElo "1970"]
[PlyCount "71"]

1. d4 Nf6 2. c4 g6 3. Nc3 Bg7 4. e4 d6 5. Nf3 O-O 6. Be2 e5 7. O-O Nc6 8. d5
Ne7 9. b4 Nh5 10. Re1 f5 11. Ng5 Nf4 12. exf5 Nxf5 13. Nge4 Nd4 14. Bf1 a5 15.
bxa5 Rxa5 16. Nb5 Nxb5 17. cxb5 Bf5 18. a4 Qh4 19. Ng3 Bg4 20. Qc2 Qe7 21. Bc4
b6 22. Bd2 Raa8 23. Ra3 Qf7 24. Be3 Kh8 25. Qd2 Ra5 26. Rc1 Rfa8 27. Qa2 Rf8
28. Ne4 h6 29. Ng3 h5 30. f3 Bc8 31. Ne4 Bh6 32. Bf1 Bb7 33. Qc2 Bxd5 34. g3
Rxa4 35. Qxa4 Bxe4 36. Qxe4 1-0